Symbol Memory Minefield Quiz Stats

 Plays Quiz Updated Aug 26, 2013

Support Sporcle.
Go Orange.
Score 0/55 Timer 08:00
0 Plays Today
% Correct
???
52%
???
51.6%
???
51.4%
???
51.2%
???
50.9%
???
50.6%
???
50.4%
???
50.1%
???
50.1%
???
49.5%
???
45.3%
???
45.3%
???
45.2%
???
44.8%
???
44.5%
???
44.3%
???
44%
???
43.7%
???
43.6%
???
41.8%
???
41.7%
???
41.4%
???
41.1%
???
40.9%
???
40.4%
???
40.4%
???
40.2%
???
37.4%
% Correct
???
37.3%
???
36.9%
???
36.8%
???
36.4%
???
36.3%
???
36%
???
32.3%
???
31.8%
???
31.7%
???
31.3%
???
31.2%
???
31%
???
28%
???
27.9%
???
27.3%
???
27.1%
???
27.1%
???
21.7%
???
21.5%
???
21.4%
???
21.3%
???
18.8%
???
18.7%
???
18.5%
???
16.2%
???
16.1%
???
13.4%

From the Vault

Remove Ads.
Support Sporcle.
Get the best of Sporcle when you Go Orange. This ad-free experience offers more features, more stats, and more fun while also helping to support Sporcle. Thank you for becoming a member.

Show Comments

Extras

Top Quizzes Today


Score Distribution

Your Account Isn't Verified!

In order to create a playlist on Sporcle, you need to verify the email address you used during registration. Go to your Sporcle Settings to finish the process.

Report this User

Report this user for behavior that violates our Community Guidelines.

Details: